000 00687nam a2200217Ia 4500
003 BUBTL
008 151213s9999 xx 000 0 und d
020 _a9780070648104
082 _a621.3827/ K268o/ 2008
100 _aKeiser, Gerd
_94549
245 _aOptical Fiber Communications /
_cGerd Keiser
250 _a4th Edn.
260 _aNew Delhi:
_bTata McGraw-Hill Publishing Company Limited,
_cc2008
300 _axxxii, 578 p.:
_bills.;
_c24 cm.
500 _aIncludes Index
505 _aOptical Fiber Communications, Gerd Keiser
650 0 _aElectrical and Electronic Engineering
_94295
856 _k0
_l0
_yDownload
942 _2ddc
_cBK
999 _c4124
_d4124